000 00839nam a2200241 i 4500
001 131206
003 ES-MaACL
005 20260113114550.0
007 t|
008 070214s1913 uy |||| | spa d
080 _a821.134.2(899)-4"18"
100 1 _aRodó, José Enrique
_d1871-1917
_998152
245 1 3 _aEl mirador de Próspero /
_cJosé Enrique Rodó.
260 _aMontevideo :
_bJosé M. Serrano,
_c1913.
300 _a570 p. ;
_c21 cm.
530 _aDisponible en formato digital.
650 4 _aLiteratura española-
_yS.XIX-
_xHistoria y crítica.
_914568
650 0 4 _aLiteratura hispanoamericana-
_yS.XIX-
_xHistoria y crítica.
_914609
852 _aES-MaACL
_jF-4098
_cDEPO2
856 4 _uhttp://bdh-rd.bne.es/viewer.vm?id=0000043202&page=1
_y(Biblioteca Digital Hispánica)
942 _2udc
999 _c131206
_d131206